Excursions in number theory

Αποθηκεύτηκε σε:
Λεπτομέρειες βιβλιογραφικής εγγραφής
Κύριος συγγραφέας: Ogilvy, C. Stanley (Charles Stanley) 1913-
Άλλοι συγγραφείς: Anderson, John T. (John Timothy) 1942-
Μορφή: Βιβλίο
Γλώσσα:English
Δημοσίευση: New York : Dover publications, 1988.
Θέματα:
Ετικέτες: Προσθήκη ετικέτας
Δεν υπάρχουν, Καταχωρήστε ετικέτα πρώτοι!

MARC

LEADER 00000nam a2200000 i 4500
001 1/78286
008 990422s1988 eng d
020 |a 0-486-25778-9 
035 |l 10050115 
040 |a GR-MY-UA  |b gre  |e aacr 
041 0 |a eng 
082 0 |a 512.7  
100 1 |a Ogilvy, C. Stanley  |q (Charles Stanley)  |d 1913- 
245 1 0 |a Excursions in number theory /   |c C. Stanley Ogilvy, John T. Anderson.  
260 |a New York :   |b Dover publications,   |c 1988.  
300 |a 168 σ. ;   |c 21 εκ.  
500 |a Το αντίτυπο 2 είναι έκδοση του 1966. 
500 |a Includes index 
650 0 0 |a Number theory. 
700 1 |a Anderson, John T.  |q (John Timothy)  |d 1942- 
852 |a INST  |b SAMOS  |e 19990422  |h 512.7 OGI  |p 005300014921  |q 005300014921  |t BK  |y 0 
852 |a INST  |b SAMOS  |e 20150929  |h 512.7 OGI  |p 005300042714  |q 005300042714  |t BK  |y 0 
901 |a BIBL-1999-1 
909 |a Σ  |b 064781 
922 |a 3ΕΛΗ  |b 199903  |c ΚΠΣ  |d GLORY 
920 |a Μάγειρας  |b Παναγιώτης  |y Σάμος  |z 2008-09 
970 |a Σιτζίμη  |b Γιασεμή  |z 29/09/2015